| 000 | 00449nam a2200181Ia 4500 | ||
|---|---|---|---|
| 001 | 25401 | ||
| 005 | 20260414151147.0 | ||
| 008 | 260414t2012||||xx |||||||||||||| ||spa|| | ||
| 041 | _aESP | ||
| 082 |
_a346.5 _bO27 |
||
| 100 |
_aO´Callaghan Muñoz, Xavier _eAUT |
||
| 245 | 0 |
_aCumplimiento e incumplimiento del contrato _b |
|
| 260 | _c2012 | ||
| 300 |
_a703 páginas : _c25 cm. |
||
| 650 | _aDER | ||
| 654 | _aCDE | ||
| 942 |
_cLIB _dJUS _fJUS _2ddc _n |
||
| 999 |
_c25401 _d25401 |
||